Länder, die das Frauenwahlrecht zuerst einführten - Statistiken

Allgemein
  • Dieses Quiz wurde 55 mal gespielt
  • Das Durchschnittsergebnis liegt bei 15 aus 25
Antwortstatistiken
Platz Aktives Wahlrecht Passives Wahlrecht Land % Korrekt
8. 1918 1918 Deutschland
96%
4. 1913 1913 Norwegen
96%
22. 1919 1919 Schweden
94%
🥉 1906 1906 Finnland
92%
11. 1918 1919 Kanada
88%
21. 1919 1917 Niederlande
87%
14. 1918 1918 Polen
87%
5. 1915 1915 Dänemark
85%
🥈 1902 1902 Australien
79%
🥇 1893 1919 Neuseeland
75%
20. 1919 1919 Luxemburg
73%
7. 1918 1918 Russland
67%
15. 1918 1918 Ungarn
65%
9. 1918 1918 Estland
62%
19. 1919 1919 Litauen
62%
13. 1918 1918 Lettland
60%
24. 1919 1919 Ukraine
46%
16. 1918 1918 Belarus
40%
25. 1920 1920 Albanien
29%
10. 1918 1918 Georgien
25%
17. 1919 1919 Armenien
23%
6. 1917 1917 Aserbaidschan
19%
12. 1918 1918 Kirgisistan
4%
18. 1919 1963 Kenia
2%
23. 1919 1919 Simbabwe
0%
Keine übereinstimmenden Quizze gefunden
Verteilung der Resultate
Anzahl Personen mit jedem Resultat
Perzentil nach korrekt beantworteten Fragen
Ihre Resultats-Entwicklung
Sie haben dieses Quiz noch nicht gespielt